00926cam a2200241 a 4500001000400000003001000004005001700014008004100031020001800072040002500090080002400115090002500139100002800164245016400192260003800356300002000394504002500414650003500439650005500474942001200529952013000541999001300671164BR-CuiBMT20231117235653.0230823s2021 mgb 000 0 por d a9786555181654 aBR-CuiBMTcBR-CuiBMT 22007a347.919:342.9 a347.919:342.9bC117m10aCabral, Flávio Garcia10aMedidas cautelares administrativas :bregime jurídico da cautelaridade administrativa /cFlávio Garcia Cabral ; prefácio José Roberto Pimenta Oliveira. aBelo Horizonte :bFórum,c2021. a350 p. ;c22 cm aInclui bibliografia. aDireito administrativozBrasil aMedidas cautelaresxDireito administrativozBrasil 2udccLV 00102udc4070aBIBTCEMTbBIBTCEMTd2023-07-28l0o347.919:342.9 C117mpBIBTCEMT23080141r2023-08-23tEx. 1w2023-08-23yLV c164d164